Logo BPK

Biblioteka

Politechniki Koszalińskiej

Ceramiczne i wapienno-piaskowe wyroby budowlane / (Rekord nr 24215)

Szczegóły MARC
000 -ETYKIETA REKORDU
podpole kontrolne o stałej długości 01063nam a2200265 i 4500
001 - NUMER KONTROLNY REKORDU
pole kontrolne bg
020 ## - MIĘDZYNARODOWY ZNORMALIZOWANY NUMER KSIĄŻKI - ISBN
ISBN 8385393684
040 ## - ŹRÓDŁO KATALOGOWANIA
Instytucja, która utworzyła rekord BPK
041 ## - KOD JĘZYKA
Kod języka tekstu pol
920 ## - Międzynarodowy znormalizowany numer książki – ISBN
ISBN 83-85393-68-4
008 - POLE O STAŁEJ DŁUGOŚCI - DANE KONTROLNE
podpole kontrolne o stałej długości s pl f |000 0 pol
245 #0 - TYTUŁ/ODPOWIEDZIALNOŚĆ
Tytuł Ceramiczne i wapienno-piaskowe wyroby budowlane /
Pozostałe elementy strefy tytułu i oznaczenia odpowiedzialności [oprac.Joanna Niewiarowska-Perchuć, Lucyna Ejsmont, Alicja Turzyńska] ; Centralny Ośrodek Informacji i Budownictwa ; Centralny Ośrodek Badawczo-Rozwojowy Przemysłu Betonów "CEBET".
300 ## - STREFA OPISU FIZYCZNEGO
Objętość 131 s. ;
Rozmiary COIB +
Dokument towarzyszący 1998.
490 1# - STREFA SERII I DOKUMENTU WIELOCZĘŚCIOWEGO - FORMA NIE DO WYSZUKIWANIA
Tytuł i oznaczenie odpowiedzialności serii Katalog Budownictwa : zestaw tematyczny,
ISSN 1505-4462
501 ## - UWAGA DOTYCZĄCA PRAC WSPÓŁWYDANYCH
Tekst uwagi Indeks rzeczowy z odniesieniem do karty KB.
650 #9 - HASŁO PRZEDMIOTOWE W FORMIE NAZWY OGÓLNEJ LUB JEDNOSTKOWEJ
Nazwa ogólna lub geograficzna materiały ceramiczne
650 #9 - HASŁO PRZEDMIOTOWE W FORMIE NAZWY OGÓLNEJ LUB JEDNOSTKOWEJ
Nazwa ogólna lub geograficzna materiały wapienno-piaskowe
650 #9 - HASŁO PRZEDMIOTOWE W FORMIE NAZWY OGÓLNEJ LUB JEDNOSTKOWEJ
Nazwa ogólna lub geograficzna materiały budowlane
Określnik ogólny wyroby
700 1# - HASŁO DODATKOWE - NAZWA OSOBOWA
Nazwa osobowa NIEWIAROWSKA PERCHUĆ, JOANNA.
Określenie związku między hasłem a opisywanym materiałem Oprac.
700 1# - HASŁO DODATKOWE - NAZWA OSOBOWA
Nazwa osobowa EJSMONT, LUCYNA.
Określenie związku między hasłem a opisywanym materiałem Oprac.
700 1# - HASŁO DODATKOWE - NAZWA OSOBOWA
Nazwa osobowa TURZYŃSKA, ALICJA.
Określenie związku między hasłem a opisywanym materiałem Oprac.
710 ## - HASŁO DODATKOWE - NAZWA CIAŁA ZBIOROWEGO
Nazwa ciała zbiorowego lub jednostki geograficznej Centralny Ośrodek Informacji Budownictwa PP, Redakcja Katalogów i Informatorów
830 #0 - HASŁO DODATKOWE SERII LUB DOKUMENTU WIELOCZĘŚCIOWEGO - TYTUŁ UJEDNOLICONY
Tytuł ujednolicony Katalog Budownictwa
856 ## - LOKALIZACJA I DOSTĘP DO ELEKTRONICZNYCH DOKUMENTÓW ZDALNYCH
Link (URL) http://koha.tu.koszalin.pl/cgi-bin/koha/opac-detail.pl?biblionumber=24215
Tekst linku Katalog online BPK
942 ## - DODATKOWE ELEMENTY (KOHA)
Typ dokumentu Katalog
Egzemplarze
Wycofany Status egzemplarza Uszkodzony Dostępność Lokalizacja stała Lokalizacja bieżąca Miejsce przechowywania Sygnatura Kod kreskowy Typ dokumentu
      Dostępny Biblioteka Politechniki Koszalińskiej Biblioteka Politechniki Koszalińskiej Wypożyczalnia BG KC 2871 01451405 Katalog
© 2023 Biblioteka Politechniki Koszalińskiej :: KOHA